000 00552nam a22002057a 4500
999 _c7681
_d7681
003 BD-JhCC
005 20180313094645.0
008 180213b1986 bg ||||| |||| 00| 0 ben d
035 _a(BD-JhCC)
040 _aBD-JhCC
_dBD-JhCC
041 _aben
082 _a575.1
_bGHU 1986
100 _aগুহ, সুহিতা
245 _aজীন, বংশধারা ও বিবর্তন /
_cসুহিতা গুহ
300 _a220 p. :
_c22 cm.
650 _aGenetics
650 _aEvolution
942 _2ddc
_cBK